|
|
|
|
| LEADER |
01059nab#a2200313#ar4500 |
| 001 |
000072876 |
| 003 |
SVKKK |
| 005 |
20030415xxxxxxx. |
| 008 |
06 c xo huno |
| FMT |
|
|
|
| 038 |
|
|
|a SVKKK
|
| 040 |
|
|
|a SVKKK
|b slo
|e AACR2
|
| 041 |
0 |
|
|a hun
|
| 044 |
|
|
|a xo
|c SK
|
| 080 |
|
|
|a 37
|
| 100 |
1 |
|
|a Szegó, Izsó [?]
|4 aut
|
| 242 |
1 |
0 |
|a Domovina proletárov vedomostí
|
| 245 |
1 |
0 |
|a A szellemi proletárok hazája
|c Izsó [?] Szegó
|
| 500 |
|
|
|a mikrofilm
|
| 520 |
2 |
|
|a Úvodník na tému výchovy za cieľom vidiny lepšieho života. Následky. Úvahy. [Pravdepodobne ide o regionálneho autora - v prístupných encyklopedických dielach sa nevyskytuje.]
|
| 650 |
0 |
4 |
|a výchova a vzdelávanie - vidiny lepšieho života - úvahy - Humenné [?] - rok 1908 - úvodníky
|
| 773 |
0 |
|
|t Felvidéki Hirlap : Közgazdasági, társadalmi és szépirodalmi hetilap
|g Roč. 1, č. 19 (19.07.1908) s. 1 a 2
|
| 957 |
|
|
|a Humenné [?]
|
| 958 |
|
|
|a DG
|
| 958 |
|
|
|a SK
|
| 974 |
|
|
|a Ba
|d 20030415
|
| 992 |
|
|
|a RBX
|
| BAS |
|
|
|
| 998 |
|
|
|a RETRO
|